000 00528cam a22002171 4500
001 sa 65000325
003 DLC
005 20260227112102.0
008 911023s1964 ii 000 1 pano
010 _asa 65000325
035 _a(OCoLC)24611622
040 _aDLC
_cWaU
_dDLC
042 _apremarc
050 0 0 _aPK2658
_b.P3
110 2 _aPañjābī Sāhita Sabhā, Karnal, India.
245 1 0 _aIka jhāta.
260 _c[1964]
300 _a80 p.
_c19 cm.
500 _aIn Panjabi.
650 0 _aShort stories, Panjabi.
999 _c61505
_d61505